Europa / (Record no. 117379)
[ view plain ]
| 000 -LEADER | |
|---|---|
| fixed length control field | 00462cam a2200169 4500 |
| 008 - FIXED-LENGTH DATA ELEMENTS--GENERAL INFORMATION | |
| fixed length control field | 120322n 000 0 eng u |
| 020 ## - INTERNATIONAL STANDARD BOOK NUMBER | |
| International Standard Book Number | 9781852248031 (pbk.) |
| 035 ## - SYSTEM CONTROL NUMBER | |
| System control number | (Sirsi) a175744 |
| 040 ## - CATALOGING SOURCE | |
| Original cataloging agency | |
| 050 ## - LIBRARY OF CONGRESS CALL NUMBER | |
| Classification number | PR 9540.9 ALV 2008 |
| 100 ## - MAIN ENTRY--PERSONAL NAME | |
| Personal name | Alvi, Moniza. |
| 245 ## - TITLE STATEMENT | |
| Title | Europa / |
| Statement of responsibility, etc. | by Moniza Alvi. |
| 260 ## - PUBLICATION, DISTRIBUTION, ETC. | |
| Place of publication, distribution, etc. | Tarset, [England] : |
| Name of publisher, distributor, etc. | Bloodaxe, |
| Date of publication, distribution, etc. | 2008. |
| 300 ## - PHYSICAL DESCRIPTION | |
| Extent | 63 p. |
| 650 ## - SUBJECT ADDED ENTRY--TOPICAL TERM | |
| Topical term or geographic name entry element | Rape --Poetry. |
| 650 ## - SUBJECT ADDED ENTRY--TOPICAL TERM | |
| Topical term or geographic name entry element | Europa (Greek mythology) --Poetry. |
| Withdrawn status | Lost status | Source of classification or shelving scheme | Damaged status | Not for loan | Home library | Current library | Shelving location | Cost, normal purchase price | Total Checkouts | Full call number | Barcode | Date last seen | Copy number | Price effective from | Koha item type |
|---|---|---|---|---|---|---|---|---|---|---|---|---|---|---|---|
| Library of Congress Classification | Main Library | Main Library | On Shelf | 0.00 | PR 9540.9 ALV 2008 | 33729005884759 | 08/21/2019 | 1 | 08/21/2019 | Book |